Üdvözlet Eperjesről Eperjes Látképe : Stefania nevelő intézet : Sárosi népviselet : Vileczhegy : Czemete fürdő, Budapest Villa : Főplacz

Zobrazenie: Šesť čiastkových pohľadov s kvetovým ornamentom na bielom podklade. Pohľad na mesto z diaľky a z výšky. Pohľad na školu. Pohľad na ľudí v miestnych krojoch. Pohľad na miestny kopec. Pohľad na kúpele a kúpeľný dom. Pohľad na námestie z výšky

Bibliographic Details
Format: Photo
Language:Hungarian
German
PhysicalDescription:1 pohľadnica (6 čiastkových pohľadov) tónovaná do modra 9 x 15 cm
Published: Eperjes Stehr D. könyvkereskedése [1899?]
Subjects:

MARC

LEADER 00000nkm a2200000 a 4500
001 vtls011836153
003 SK-MaSNL
005 20260301100943.0
007 kf ao
008 230706q1899 xo g kuhun
015 |a SNBG1899 
035 |a urn:nbn:sk:snk-km00dtf0 
035 |a urn:nbn:sk:snk-km3lula 
035 |a A1CA1AAC-B18A-49FB-A5AA-17DFE2730173 
040 |a SNK  |b slo  |c SNK  |e AACR2 
041 0 |a hun  |a ger 
043 |a e-xo--- 
044 |a xo  |c SK 
072 7 |a 913  |x Regionálna geografia  |2 konspekt 
080 |a 913(437.6)  |2 2011 
080 |a 373/378  |2 2011 
080 |a 391  |2 2011 
080 |a 711.61  |2 2011 
080 |a 711.455:615.838  |2 2011 
080 |a 725.1:615.838  |2 2011 
080 |a 94(084.121)  |2 2011 
245 0 0 |a Üdvözlet Eperjesről  |h grafika  |b Eperjes Látképe : Stefania nevelő intézet : Sárosi népviselet : Vileczhegy : Czemete fürdő, Budapest Villa : Főplacz 
246 3 1 |a Gruss aus Eperjes 
260 |a Eperjes  |b Stehr D. könyvkereskedése  |c [1899?] 
300 |a 1 pohľadnica (6 čiastkových pohľadov)  |b tónovaná do modra  |c 9 x 15 cm 
500 |a Názvové údaje prevzaté z obrazovej časti pohľadnice 
520 8 |a Zobrazenie: Šesť čiastkových pohľadov s kvetovým ornamentom na bielom podklade. Pohľad na mesto z diaľky a z výšky. Pohľad na školu. Pohľad na ľudí v miestnych krojoch. Pohľad na miestny kopec. Pohľad na kúpele a kúpeľný dom. Pohľad na námestie z výšky 
546 |a Súbežný názov v nem. 
650 0 7 |a školy  |2 SNKPH  |9 1276 
650 0 7 |a ľudové odevy  |2 SNKPH  |9 85297 
650 0 7 |a námestia  |2 SNKPH  |9 26291 
650 0 7 |a kúpele  |2 SNKPH  |9 1139 
650 0 7 |a kúpeľné budovy  |2 SNKPH  |9 102104 
651 7 |a Prešov (Slovensko)  |2 SNKPHgeo  |9 17347 
655 7 |a miestne pohľadnice  |2 SNKPH  |9 70510 
655 7 |a historické pohľadnice  |2 SNKPH  |9 159703 
752 |a Slovensko  |d Prešov 
852 |a Slovenská národná knižnica 
958 |a GBN 
958 |a GC 
958 |a ONDV 
999 |c 687846  |d 689776 
952 |a SNK  |b SNK  |y PREZ  |7 0  |p 17A1292147  |o snkSP 88626  |z Pohľadnica prešla poštou.  |0 0  |1 0  |4 0  |d 2019-01-23  |f 1  |l 0  |r 2026-02-23 20:17:37  |w 2026-02-23